| 000 | 00418nam a2200169Ia 4500 | ||
|---|---|---|---|
| 003 | GCL | ||
| 008 | 140319s9999 xx 000 0 eng d | ||
| 040 |
_aGCL / _cGCL |
||
| 082 | 0 | 4 |
_a840 _bS A |
| 100 | 1 | _aSLEIM, AMMAR | |
| 245 | 1 | 0 |
_aAUTOPSIE DE LA GUERRE / _cSLEIM, AMMAR |
| 260 |
_a[S.N] : _bL'ART DE LA COMPOSITION |
||
| 300 | _a168 P | ||
| 650 | 0 | 4 | _aLITERATURE |
| 650 | 0 | 4 | _aFRENCH LITERATURE |
| 942 |
_2ddc _cBK |
||
| 999 |
_c20578 _d20578 |
||